LIBRARY & INFORMATION CENTRE, KCAET, TAVANUR

ONLINE PUBLIC ACCESS CATALOGUE (OPAC)

Water resources system planning and management / (Record no. 9626)

MARC details
000 -LEADER
fixed length control field 00528cam a2200193ua 4500
020 ## - INTERNATIONAL STANDARD BOOK NUMBER
ISBN 0-07-451566-7
041 ## - LANGUAGE CODE
Language code of text/sound track or separate title eng
082 ## - DEWEY DECIMAL CLASSIFICATION NUMBER
Classification number 551.48
Item number CHA/WA
100 ## - MAIN ENTRY--AUTHOR NAME
Personal name Chaturvedi, M C .
245 ## - TITLE STATEMENT
Title Water resources system planning and management /
250 ## - EDITION STATEMENT
Edition statement 1 /
260 ## - PUBLICATION, DISTRIBUTION, ETC. (IMPRINT)
Place of publication New Delhi :
Name of publisher Tata Mc-Graw Hill Publishing Company ,
Year of publication 1987.
300 ## - PHYSICAL DESCRIPTION
Number of Pages 601 ; .
942 ## - ADDED ENTRY ELEMENTS (KOHA)
Koha item type Books
Holdings
Withdrawn status Lost status Damaged status Home library Current library Date acquired Full call number Accession Number Koha item type
      KAUAET KAUAET 07/04/2012 551.48 CHA/WA 17706 Books
      KAUAET KAUAET 07/04/2012 551.48 CHA/WA 16878 Books
free website counter